[Event "NB II. Szechenyi csoport"]
[Site "Ajka"]
[Date "2023.10.29"]
[Round "2.12"]
[White "Horvath, Matyas Sandor"]
[Black "Balazsi-Schmidt, Csaba"]
[Result "1/2-1/2"]
[WhiteElo "1525"]
[BlackElo "1445"]
[PlyCount "54"]
[EventDate "2023.10.08"]
[EventType "team-tourn"]
[EventRounds "9"]
[EventCountry "HUN"]
[Source "chess.hu"]
[WhiteTeam "Sentimento Ajka BSK "]
[BlackTeam "Sakkbaratok Kisber-Aszar I."]
[WhiteTeamCountry "HUN"]
[BlackTeamCountry "HUN"]

1. e4 e5 2. Nf3 Nc6 3. Bb5 a6 4. Ba4 Nf6 5. O-O d6 6. d4 exd4 7. Nxd4 Bd7 8.
Bxc6 bxc6 9. Nc3 Be7 10. Qf3 O-O 11. Nf5 h6 12. Qg3 Nh5 13. Qg4 Bxf5 14. exf5
Nf6 15. Qg3 Kh8 16. Re1 Qd7 17. Bd2 Rae8 18. Qh3 d5 19. Bf4 Bb4 20. a3 Ba5 21.
b4 Bb6 22. Be5 Qd8 23. Na4 Rxe5 24. Rxe5 Bd4 25. Rae1 Bxe5 26. Rxe5 Qd6 27. Re1
Qf4 1/2-1/2

[Event "NB II. Szechenyi csoport"]
[Site "Szombathely"]
[Date "2023.10.29"]
[Round "2.1"]
[White "Horvath, Tibor"]
[Black "Takacs, Gergo"]
[Result "0-1"]
[WhiteElo "1795"]
[BlackElo "2191"]
[PlyCount "96"]
[EventDate "2023.10.08"]
[EventType "team-tourn"]
[EventRounds "9"]
[EventCountry "HUN"]
[Source "chess.hu"]
[WhiteTeam "Arboretum Hereny SE"]
[BlackTeam "Haladas VSE III."]
[WhiteTeamCountry "HUN"]
[BlackTeamCountry "HUN"]

1. d4 d5 2. c4 e6 3. g3 Nf6 4. Bg2 Be7 5. Nf3 O-O 6. O-O b6 7. cxd5 exd5 8. Nc3
Bb7 9. Ne5 Na6 10. Qa4 c5 11. Rd1 Qc8 12. dxc5 Nxc5 13. Qh4 Qe6 14. Qd4 Nce4
15. Nd3 Bc5 16. Nxc5 bxc5 17. Qd3 Ba6 18. Qc2 Nxc3 19. Qxc3 Rac8 20. e3 Rfd8
21. b3 d4 22. exd4 cxd4 23. Qe1 Qb6 24. Bg5 Re8 25. Qd2 d3 26. Be3 Qe6 27. Bxa7
Ne4 28. Qe3 Qf5 29. Qf3 Qd7 30. Be3 h6 31. h4 Rc7 32. Qf4 Nc3 33. Qf3 Nxd1 34.
Rxd1 Rc2 35. Rd2 Rxd2 36. Bxd2 Re2 37. Qf4 Qe7 38. Bf3 Re5 39. Qg4 f5 40. Qa4
Bb5 41. Qa8+ Qe8 42. Qb7 Qd7 43. Qb8+ Re8 44. Qb6 Rc8 45. Qg6 Bc6 46. Bh5 Qd5
47. f3 Be8 48. Qa6 Qc5+ 0-1

[Event "NB II. Szechenyi csoport"]
[Site "Szombathely"]
[Date "2023.10.29"]
[Round "2.2"]
[White "Joo, Gabor"]
[Black "Tako, Helga"]
[Result "1-0"]
[WhiteElo "1976"]
[BlackElo "1889"]
[PlyCount "125"]
[EventDate "2023.10.08"]
[EventType "team-tourn"]
[EventRounds "9"]
[EventCountry "HUN"]
[Source "chess.hu"]
[WhiteTeam "Haladas VSE III."]
[BlackTeam "Arboretum Hereny SE"]
[WhiteTeamCountry "HUN"]
[BlackTeamCountry "HUN"]

1. e4 e5 2. Nf3 Nc6 3. d4 exd4 4. Bc4 h6 5. Nxd4 Nxd4 6. Qxd4 Qf6 7. Be3 d6 8.
Nc3 Qxd4 9. Bxd4 c6 10. a4 Be6 11. Bxe6 fxe6 12. f4 d5 13. exd5 exd5 14. O-O
Kf7 15. Rae1 Bb4 16. Re2 Nf6 17. Na2 Bd6 18. g3 Rhe8 19. Rfe1 Rxe2 20. Rxe2 b6
21. Nc3 Nd7 22. Kg2 g6 23. Kf3 Re8 24. Rxe8 Kxe8 25. h3 Kf7 26. g4 c5 27. Bf2
Ke6 28. Bg3 Bb8 29. b3 d4 30. Nb5 a6 31. Na3 Kd5 32. Nc4 b5 33. axb5 axb5 34.
Nd2 Nf6 35. h4 c4 36. bxc4+ bxc4 37. g5 hxg5 38. hxg5 Nh5 39. Bh2 Ng7 40. Ne4
Nf5 41. Nf6+ Kc6 42. Ke2 Ba7 43. Ng4 Ne7 44. Ne5+ Kd5 45. Kf3 Kc5 46. Ke4 Kb4
47. Nxg6 Nxg6 48. f5 Kc3 49. fxg6 d3 50. cxd3 cxd3 51. g7 d2 52. g8=Q d1=Q 53.
Qc8+ Kb3 54. Qb7+ Kc4 55. Qxa7 Qd5+ 56. Kf4 Qd6+ 57. Kf5 Qxh2 58. Qf7+ Kd4 59.
Qf6+ Kd3 60. Qd8+ Ke3 61. Qe7+ Kf2 62. Qc5+ Kf3 63. Qc3+ 1-0

[Event "NB II. Szechenyi csoport"]
[Site "Szombathely"]
[Date "2023.10.29"]
[Round "2.4"]
[White "Olah, Jozsef"]
[Black "Arany, Tamas"]
[Result "0-1"]
[WhiteElo "1843"]
[BlackElo "1816"]
[PlyCount "50"]
[EventDate "2023.10.08"]
[EventType "team-tourn"]
[EventRounds "9"]
[EventCountry "HUN"]
[Source "chess.hu"]
[WhiteTeam "Haladas VSE III."]
[BlackTeam "Arboretum Hereny SE"]
[WhiteTeamCountry "HUN"]
[BlackTeamCountry "HUN"]

1. d4 d5 2. c4 e5 3. dxe5 d4 4. Nf3 Nc6 5. a3 a5 6. g3 Be6 7. Qc2 Qd7 8. Bd2
Nge7 9. Bg2 Ng6 10. O-O Bh3 11. Qe4 Be7 12. Bxh3 Qxh3 13. Bf4 O-O-O 14. b4 f5
15. exf6 Bxf6 16. Bg5 Rhe8 17. Qd3 Nge5 18. Qd2 Nxf3+ 19. exf3 Ne5 20. Qd1 Bxg5
21. Ra2 Rf8 22. f4 Ng4 23. f3 Ne3 24. Qe2 Nxf1 25. fxg5 Ne3 0-1

[Event "NB II. Szechenyi csoport"]
[Site "Szombathely"]
[Date "2023.10.29"]
[Round "2.5"]
[White "Gabor, Attila"]
[Black "Bardics, Marko"]
[Result "1/2-1/2"]
[WhiteElo "1780"]
[BlackElo "1655"]
[PlyCount "75"]
[EventDate "2023.10.08"]
[EventType "team-tourn"]
[EventRounds "9"]
[EventCountry "HUN"]
[Source "chess.hu"]
[WhiteTeam "Arboretum Hereny SE"]
[BlackTeam "Haladas VSE III."]
[WhiteTeamCountry "HUN"]
[BlackTeamCountry "HUN"]

1. e4 c5 2. g3 d6 3. Bg2 Nf6 4. Nc3 g6 5. Nge2 Bg7 6. d4 cxd4 7. Nxd4 O-O 8.
O-O a6 9. Nd5 Nxd5 10. exd5 Nd7 11. Be3 Qc7 12. Rc1 Ne5 13. b3 Bd7 14. c4 Rac8
15. Qe2 Ng4 16. h3 Nxe3 17. fxe3 Be5 18. Qf2 Qb6 19. Rfd1 Qa7 20. Kh2 Rc7 21.
Rc2 f5 22. Ne6 Bxe6 23. dxe6 Rf6 24. Bd5 Qb8 25. Rdc1 Rf8 26. Qg2 Qa7 27. Qe2
Rfc8 28. a4 Qc5 29. Qd3 Kg7 30. h4 Qb4 31. Kh3 b5 32. axb5 axb5 33. e4 bxc4 34.
Rxc4 Rxc4 35. Bxc4 fxe4 36. Qxe4 Rf8 37. Qd3 Qb6 38. Rf1 1/2-1/2

[Event "NB II. Szechenyi csoport"]
[Site "Szombathely"]
[Date "2023.10.29"]
[Round "2.6"]
[White "Vilics, Hanna"]
[Black "Foki, Robert"]
[Result "1/2-1/2"]
[WhiteElo "1795"]
[BlackElo "1639"]
[PlyCount "123"]
[EventDate "2023.10.08"]
[EventType "team-tourn"]
[EventRounds "9"]
[EventCountry "HUN"]
[Source "chess.hu"]
[WhiteTeam "Haladas VSE III."]
[BlackTeam "Arboretum Hereny SE"]
[WhiteTeamCountry "HUN"]
[BlackTeamCountry "HUN"]

1. d4 d5 2. Nf3 Nf6 3. g3 Bg4 4. Ne5 c6 5. Nxg4 Nxg4 6. e4 Nxf2 7. Kxf2 dxe4 8.
Bh3 e6 9. c4 Be7 10. Nc3 f5 11. g4 O-O 12. gxf5 exf5 13. Ne2 Bh4+ 14. Kg2 g5
15. Rg1 Qe7 16. Ng3 Bxg3 17. hxg3 g4 18. Bxg4 fxg4 19. Qxg4+ Kh8 20. Bf4 Nd7
21. Rh1 Rf7 22. Rh6 Rg8 23. Qh4 Qxh4 24. Rxh4 Rg6 25. Be5+ Nxe5 26. dxe5 Rf3
27. Rxe4 Rgxg3+ 28. Kh2 Rg6 29. Rd1 Rf5 30. Rd8+ Kg7 31. Rd7+ Rf7 32. Rd6 Re7
33. Rd3 Rg5 34. Rg3 Kg6 35. Rge3 Re6 36. Kh3 Kf5 37. Rh4 h5 38. Rhe4 Rg4 39.
Rxg4 hxg4+ 40. Kg3 a5 41. Rb3 Re7 42. e6 a4 43. Rb4 c5 44. Rb5 Rxe6 45. Rxb7
Re3+ 46. Kf2 Rh3 47. Rf7+ Ke4 48. Kg2 a3 49. b4 cxb4 50. Rb7 Rc3 51. Rxb4 Rc2+
52. Kg3 Rxa2 53. c5+ Kd5 54. Rxg4 Kxc5 55. Ra4 Kb5 56. Ra8 Kb4 57. Rb8+ Kc3 58.
Rc8+ Kd2 59. Ra8 Kc1 60. Ra7 Kb2 61. Rb7+ Ka1 62. Rb3 1/2-1/2

[Event "NB II. Szechenyi csoport"]
[Site "Szombathely"]
[Date "2023.10.29"]
[Round "2.7"]
[White "Marton, Zoltan"]
[Black "Hajdu, Istvan"]
[Result "1-0"]
[WhiteElo "1475"]
[BlackElo "1798"]
[PlyCount "55"]
[EventDate "2023.10.08"]
[EventType "team-tourn"]
[EventRounds "9"]
[EventCountry "HUN"]
[Source "chess.hu"]
[WhiteTeam "Arboretum Hereny SE"]
[BlackTeam "Haladas VSE III."]
[WhiteTeamCountry "HUN"]
[BlackTeamCountry "HUN"]

1. e4 c6 2. d4 d5 3. e5 Bf5 4. Nf3 e6 5. c4 Bb4+ 6. Bd2 Bxd2+ 7. Nbxd2 g5 8. g3
h5 9. h4 g4 10. Ng5 Nh6 11. Qb3 Qc7 12. Qe3 Nd7 13. Rc1 O-O-O 14. Bg2 Nf8 15.
O-O Ng6 16. b4 Kb8 17. Rc3 Qd7 18. Rfc1 Ne7 19. c5 Bg6 20. Rb3 Nhf5 21. Qf4
Rhf8 22. a4 Ka8 23. b5 f6 24. exf6 Rxf6 25. Qe5 Rdf8 26. Re1 Ng7 27. Rb2 Nef5
28. Nb3 1-0

[Event "NB II. Szechenyi csoport"]
[Site "Szombathely"]
[Date "2023.10.29"]
[Round "2.8"]
[White "Petroczy, Zoltan"]
[Black "Vasenszky, Zoltan Gyorgy"]
[Result "1-0"]
[WhiteElo "1685"]
[BlackElo "1513"]
[PlyCount "71"]
[EventDate "2023.10.08"]
[EventType "team-tourn"]
[EventRounds "9"]
[EventCountry "HUN"]
[Source "chess.hu"]
[WhiteTeam "Haladas VSE III."]
[BlackTeam "Arboretum Hereny SE"]
[WhiteTeamCountry "HUN"]
[BlackTeamCountry "HUN"]

1. e4 e6 2. d4 d5 3. Nc3 dxe4 4. Nxe4 Nd7 5. Nf3 Ngf6 6. Bg5 h6 7. Bxf6 Nxf6 8.
Bd3 Nxe4 9. Bxe4 Bd6 10. O-O O-O 11. c4 c5 12. dxc5 Bxc5 13. Qe2 Qc7 14. Rab1
Be7 15. b4 Bf6 16. a4 Rb8 17. Rfc1 b6 18. c5 bxc5 19. Rxc5 Qd7 20. Bc6 Qe7 21.
Qc2 Bb7 22. Bxb7 Rxb7 23. b5 a6 24. b6 Rfb8 25. a5 Qe8 26. Rc1 Rd7 27. g3 Be7
28. Rc7 Bd6 29. Rc8 Rd8 30. Rxb8 Rxb8 31. Qd3 Bb4 32. Qxa6 Ra8 33. b7 Rxa6 34.
Rc8 Bd6 35. Rxe8+ Kh7 36. Ra8 1-0

[Event "NB II. Szechenyi csoport"]
[Site "Szombathely"]
[Date "2023.10.29"]
[Round "2.9"]
[White "Jokai, Bence"]
[Black "Pergel, Bence"]
[Result "0-1"]
[WhiteElo "1575"]
[BlackElo "1495"]
[PlyCount "55"]
[EventDate "2023.10.08"]
[EventType "team-tourn"]
[EventRounds "9"]
[EventCountry "HUN"]
[Source "chess.hu"]
[WhiteTeam "Arboretum Hereny SE"]
[BlackTeam "Haladas VSE III."]
[WhiteTeamCountry "HUN"]
[BlackTeamCountry "HUN"]

1. e4 e5 2. Nf3 Nc6 3. Bc4 Nf6 4. O-O Bc5 5. d3 O-O 6. Bg5 h6 7. Bh4 d6 8. h3
Be6 9. Bxe6 fxe6 10. Re1 Qe8 11. c3 Qg6 12. a4 a5 13. Qb3 Rab8 14. Qxe6+ Kh8
15. Qc4 Nh5 16. Kf1 Nf4 17. Bg3 Nxh3 18. d4 exd4 19. cxd4 Nxd4 20. Nbd2 Nxf3
21. Nxf3 Ng5 22. Nh4 Qf6 23. Qc2 Bd4 24. e5 dxe5 25. Ng6+ Kg8 26. Nxe5 Bxe5 27.
Bxe5 Qf7 28. Qxc7 0-1

[Event "NB II. Szechenyi csoport"]
[Site "Szombathely"]
[Date "2023.10.29"]
[Round "2.10"]
[White "Farkas, Boglarka"]
[Black "Szalay, Istvan"]
[Result "1-0"]
[WhiteElo "1572"]
[BlackElo "1476"]
[PlyCount "29"]
[EventDate "2023.10.08"]
[EventType "team-tourn"]
[EventRounds "9"]
[EventCountry "HUN"]
[Source "chess.hu"]
[WhiteTeam "Haladas VSE III."]
[BlackTeam "Arboretum Hereny SE"]
[WhiteTeamCountry "HUN"]
[BlackTeamCountry "HUN"]

1. e4 e5 2. Nf3 Nc6 3. Bc4 h6 4. c3 Nf6 5. d3 Bc5 6. Nbd2 O-O 7. Nf1 d5 8. exd5
Nxd5 9. Ng3 Re8 10. O-O Kh8 11. Qb3 Na5 12. Qb5 b6 13. Bxd5 a6 14. Qa4 Qxd5 15.
Qxe8+ 1-0

[Event "NB II. Szechenyi csoport"]
[Site "Szombathely"]
[Date "2023.10.29"]
[Round "2.11"]
[White "Vasenszky, Kata Sara"]
[Black "Balogh, Gerda"]
[Result "0-1"]
[WhiteElo "1142"]
[BlackElo "1467"]
[PlyCount "67"]
[EventDate "2023.10.08"]
[EventType "team-tourn"]
[EventRounds "9"]
[EventCountry "HUN"]
[Source "chess.hu"]
[WhiteTeam "Arboretum Hereny SE"]
[BlackTeam "Haladas VSE III."]
[WhiteTeamCountry "HUN"]
[BlackTeamCountry "HUN"]

1. d4 d5 2. c4 Nc6 3. Nf3 Bg4 4. e3 e5 5. Be2 exd4 6. Nxd4 Bxe2 7. Qxe2 Nxd4 8.
exd4+ Qe7 9. Qxe7+ Nxe7 10. c5 Nc6 11. Be3 g6 12. Nc3 O-O-O 13. O-O Bg7 14.
Rfd1 Rhe8 15. a3 Ne7 16. b4 Nf5 17. Rd3 Nxe3 18. fxe3 Rxe3 19. Rxe3 Bxd4 20.
Rae1 Bxe3+ 21. Rxe3 d4 22. Rd3 dxc3 23. Rxc3 Kd7 24. Rd3+ Ke7 25. Rxd8 Kxd8 26.
Kf2 Ke7 27. Ke3 Ke6 28. Ke4 f5+ 29. Kf4 Kf6 30. b5 g5+ 31. Kg3 Ke5 32. h4 h6
33. hxg5 hxg5 34. Kf3 0-1

[Event "NB II. Szechenyi csoport"]
[Site "Sarvar"]
[Date "2023.10.29"]
[Round "2.1"]
[White "Marton, Jozsef"]
[Black "Smideliusz, Mark"]
[Result "0-1"]
[WhiteElo "1985"]
[BlackElo "2188"]
[PlyCount "46"]
[EventDate "2023.10.08"]
[EventType "team-tourn"]
[EventRounds "9"]
[EventCountry "HUN"]
[Source "chess.hu"]
[WhiteTeam "Tapolca Varosi SE II"]
[BlackTeam "Sarvari Sakk Club SE"]
[WhiteTeamCountry "HUN"]
[BlackTeamCountry "HUN"]

1. d4 Nf6 2. Bf4 d6 3. e3 Nbd7 4. Nf3 g6 5. h3 Bg7 6. Be2 O-O 7. O-O c5 8. c4
cxd4 9. exd4 Nh5 10. Bh2 e5 11. Nc3 Re8 12. dxe5 dxe5 13. Nd2 Nf4 14. Bf3 Nc5
15. Bxf4 exf4 16. Nde4 Nd3 17. Nb5 Nxb2 18. Qxd8 Rxd8 19. Ned6 a6 20. Nxb7 Bxb7
21. Bxb7 Rab8 22. Bxa6 Rb6 23. Nc7 Rc6 0-1

[Event "NB II. Szechenyi csoport"]
[Site "Sarvar"]
[Date "2023.10.29"]
[Round "2.3"]
[White "Heiligermann, Gabor"]
[Black "Balka, Richard"]
[Result "0-1"]
[WhiteElo "1928"]
[BlackElo "2065"]
[PlyCount "46"]
[EventDate "2023.10.08"]
[EventType "team-tourn"]
[EventRounds "9"]
[EventCountry "HUN"]
[Source "chess.hu"]
[WhiteTeam "Tapolca Varosi SE II"]
[BlackTeam "Sarvari Sakk Club SE"]
[WhiteTeamCountry "HUN"]
[BlackTeamCountry "HUN"]

1. c4 c6 2. d4 d5 3. Nc3 Nf6 4. Nf3 e6 5. Bg5 h6 6. Bh4 dxc4 7. Bxf6 Qxf6 8. e3
b5 9. a4 Bb4 10. Nd2 Bxc3 11. bxc3 Nd7 12. Be2 Bb7 13. Bf3 a6 14. Qb1 Rb8 15.
axb5 axb5 16. Qb4 Qe7 17. Ne4 c5 18. Nxc5 Bxf3 19. gxf3 Nxc5 20. dxc5 O-O 21.
Ra5 Rfd8 22. Rxb5 Qd7 23. O-O Qxb5 0-1

[Event "NB II. Szechenyi csoport"]
[Site "Sarvar"]
[Date "2023.10.29"]
[Round "2.4"]
[White "Szep, Milan"]
[Black "Domonkos, Tamas"]
[Result "0-1"]
[WhiteElo "2003"]
[BlackElo "1890"]
[PlyCount "102"]
[EventDate "2023.10.08"]
[EventType "team-tourn"]
[EventRounds "9"]
[EventCountry "HUN"]
[Source "chess.hu"]
[WhiteTeam "Sarvari Sakk Club SE"]
[BlackTeam "Tapolca Varosi SE II"]
[WhiteTeamCountry "HUN"]
[BlackTeamCountry "HUN"]

1. e4 c6 2. d4 d5 3. exd5 cxd5 4. Nf3 Nc6 5. Be2 Nf6 6. O-O e6 7. b3 Be7 8. c4
O-O 9. h3 b6 10. Be3 Bb7 11. Nbd2 Ne4 12. Nxe4 dxe4 13. Ne1 f5 14. f4 Bf6 15.
Nc2 Qd7 16. Qd2 Rfd8 17. Rad1 Kh8 18. a4 Rac8 19. b4 h6 20. b5 Na5 21. c5 Nb3
22. Qb4 Bd5 23. Rb1 Na5 24. Rfd1 Qc7 25. Qe1 Bb3 26. Rxb3 Nxb3 27. Bc4 Nxc5 28.
dxc5 Rxd1 29. Qxd1 Rd8 30. Qe2 e5 31. Qf2 exf4 32. Bxf4 Qxc5 33. Qxc5 bxc5 34.
a5 g5 35. Bc7 Rd1+ 36. Kh2 Bd8 37. b6 axb6 38. axb6 Rd7 39. Be6 Bxc7+ 40. bxc7
Rxc7 41. Bxf5 Re7 42. Kg3 Kg7 43. Kf2 Kf6 44. g4 Ke5 45. Ke3 Rb7 46. Kd2 Rb3
47. Ne3 Kf4 48. Nd5+ Kf3 49. Nc3 e3+ 50. Kc2 Rxc3+ 51. Kxc3 e2 0-1

[Event "NB II. Szechenyi csoport"]
[Site "Sarvar"]
[Date "2023.10.29"]
[Round "2.6"]
[White "Zsiros, Gyorgy"]
[Black "Bencze, Balazs Dominik"]
[Result "1-0"]
[WhiteElo "1947"]
[BlackElo "1769"]
[PlyCount "57"]
[EventDate "2023.10.08"]
[EventType "team-tourn"]
[EventRounds "9"]
[EventCountry "HUN"]
[Source "chess.hu"]
[WhiteTeam "Sarvari Sakk Club SE"]
[BlackTeam "Tapolca Varosi SE II"]
[WhiteTeamCountry "HUN"]
[BlackTeamCountry "HUN"]

1. e4 d6 2. d4 Nf6 3. Nc3 g6 4. f3 Nbd7 5. Be3 Bg7 6. Qd2 O-O 7. O-O-O Nb6 8.
Bh6 d5 9. e5 Ne8 10. h4 f6 11. g4 e6 12. Bxg7 Nxg7 13. Bd3 f5 14. Qh6 Qe7 15.
h5 Qf7 16. Nh3 Ne8 17. Ng5 Qg7 18. Qxg7+ Kxg7 19. hxg6 h6 20. Nh7 Rh8 21. gxf5
exf5 22. Rdg1 c5 23. dxc5 Nd7 24. f4 Nxc5 25. Nxd5 Nxd3+ 26. cxd3 Be6 27. Ne7
Rxh7 28. gxh7+ Kxh7 29. Rg6 1-0

[Event "NB II. Szechenyi csoport"]
[Site "Sarvar"]
[Date "2023.10.29"]
[Round "2.7"]
[White "Parej, Jozsef"]
[Black "Szokolszky, Miklos"]
[Result "1/2-1/2"]
[WhiteElo "1848"]
[BlackElo "1869"]
[PlyCount "31"]
[EventDate "2023.10.08"]
[EventType "team-tourn"]
[EventRounds "9"]
[EventCountry "HUN"]
[Source "chess.hu"]
[WhiteTeam "Tapolca Varosi SE II"]
[BlackTeam "Sarvari Sakk Club SE"]
[WhiteTeamCountry "HUN"]
[BlackTeamCountry "HUN"]

1. e4 d5 2. exd5 Qxd5 3. Nc3 Qa5 4. d4 Nf6 5. Bd2 Qb6 6. Bc1 Bf5 7. Nf3 Nc6 8.
Bb5 O-O-O 9. Bxc6 Qxc6 10. O-O Bg6 11. Be3 e6 12. Ne5 Qa6 13. Nxg6 hxg6 14. Qe2
Bd6 15. h3 Qxe2 16. Nxe2 1/2-1/2

[Event "NB II. Szechenyi csoport"]
[Site "Sarvar"]
[Date "2023.10.29"]
[Round "2.8"]
[White "Katona, Janos"]
[Black "Toth, Barnabas"]
[Result "1-0"]
[WhiteElo "1843"]
[BlackElo "1894"]
[PlyCount "65"]
[EventDate "2023.10.08"]
[EventType "team-tourn"]
[EventRounds "9"]
[EventCountry "HUN"]
[Source "chess.hu"]
[WhiteTeam "Sarvari Sakk Club SE"]
[BlackTeam "Tapolca Varosi SE II"]
[WhiteTeamCountry "HUN"]
[BlackTeamCountry "HUN"]

1. d4 Nf6 2. c4 g6 3. Nc3 Bg7 4. e4 d6 5. f3 O-O 6. Be3 e5 7. Nge2 Nh5 8. g4
Nf4 9. Nxf4 exf4 10. Bxf4 Qf6 11. Be3 Nc6 12. Nd5 Qd8 13. Qd2 Re8 14. O-O-O a5
15. h4 Nb4 16. h5 Nxa2+ 17. Kb1 Nb4 18. hxg6 fxg6 19. Bg5 Qd7 20. Qh2 Qa4 21.
Bd3 Qa2+ 22. Kc1 Qb3 23. Qxh7+ Kf7 24. Nc3 Rh8 25. Qxh8 Bxh8 26. Rxh8 Nxd3+ 27.
Rxd3 Qxc4 28. Rd1 Bxg4 29. Rxa8 Bxf3 30. Rd2 Bxe4 31. Rf2+ Bf5 32. Re2 Be6 33.
d5 1-0

[Event "NB II. Szechenyi csoport"]
[Site "Sarvar"]
[Date "2023.10.29"]
[Round "2.10"]
[White "Havasi, Jozsef"]
[Black "Horvath, Lajos"]
[Result "0-1"]
[WhiteElo "1636"]
[BlackElo "1672"]
[PlyCount "98"]
[EventDate "2023.10.08"]
[EventType "team-tourn"]
[EventRounds "9"]
[EventCountry "HUN"]
[Source "chess.hu"]
[WhiteTeam "Sarvari Sakk Club SE"]
[BlackTeam "Tapolca Varosi SE II"]
[WhiteTeamCountry "HUN"]
[BlackTeamCountry "HUN"]

1. e4 c5 2. Nf3 e6 3. b3 d6 4. c4 Nd7 5. Bb2 Ngf6 6. Nc3 Be7 7. Be2 O-O 8. O-O
a6 9. h3 b6 10. d3 Bb7 11. Nh2 Qc7 12. Bf3 Rad8 13. Qe2 Ne5 14. Rad1 Nxf3+ 15.
Qxf3 d5 16. cxd5 exd5 17. Rde1 d4 18. Nd1 Qd7 19. Bc1 h6 20. Ng4 Nxg4 21. Qxg4
Qxg4 22. hxg4 Bc8 23. f3 Bh4 24. Re2 a5 25. Kh2 Be7 26. Bf4 Rd7 27. Nf2 Ra7 28.
Rb1 b5 29. Rc2 b4 30. e5 Bb7 31. Re2 a4 32. Bc1 Rfa8 33. Ne4 axb3 34. axb3 Bxe4
35. Rxe4 Ra1 36. Rxa1 Rxa1 37. Bf4 Rb1 38. Re2 Rxb3 39. Rd2 Ra3 40. Bg3 Rc3 41.
f4 b3 42. Kh3 Rc2 43. Rd1 b2 44. Rb1 Kf8 45. Bh4 Bxh4 46. Kxh4 c4 47. dxc4 d3
48. c5 d2 49. c6 Rxc6 0-1

[Event "NB II. Szechenyi csoport"]
[Site "Sarvar"]
[Date "2023.10.29"]
[Round "2.11"]
[White "Kiss, Gergely"]
[Black "Andras, Ferenc"]
[Result "1-0"]
[WhiteElo "1710"]
[BlackElo "1326"]
[PlyCount "55"]
[EventDate "2023.10.08"]
[EventType "team-tourn"]
[EventRounds "9"]
[EventCountry "HUN"]
[Source "chess.hu"]
[WhiteTeam "Tapolca Varosi SE II"]
[BlackTeam "Sarvari Sakk Club SE"]
[WhiteTeamCountry "HUN"]
[BlackTeamCountry "HUN"]

1. d4 f5 2. Nf3 Nf6 3. e3 g6 4. b3 Bg7 5. Bb2 O-O 6. c4 d6 7. Nbd2 c6 8. Be2
Qe8 9. Qc2 Nbd7 10. O-O e5 11. dxe5 dxe5 12. Rfe1 b6 13. b4 c5 14. bxc5 bxc5
15. Nb3 Ne4 16. Nfd2 Bb7 17. Na5 Nd6 18. Rab1 Rb8 19. Qd3 Qe7 20. Nxb7 Rxb7 21.
Nb3 Ne4 22. Qd5+ Kh8 23. Qxb7 Rd8 24. Rbd1 Qh4 25. Rf1 Qe7 26. Qxa7 Bh6 27. Bf3
Nef6 28. Nxc5 1-0

[Event "NB II. Szechenyi csoport"]
[Site "Sarvar"]
[Date "2023.10.29"]
[Round "2.12"]
[White "Papp, Csongor"]
[Black "Koteljarto, Aron"]
[Result "0-1"]
[WhiteElo "1373"]
[BlackElo "1498"]
[PlyCount "65"]
[EventDate "2023.10.08"]
[EventType "team-tourn"]
[EventRounds "9"]
[EventCountry "HUN"]
[Source "chess.hu"]
[WhiteTeam "Sarvari Sakk Club SE"]
[BlackTeam "Tapolca Varosi SE II"]
[WhiteTeamCountry "HUN"]
[BlackTeamCountry "HUN"]

1. d4 d5 2. c4 c6 3. Nf3 e6 4. e3 f5 5. Nc3 Nf6 6. Bd3 Bd6 7. O-O O-O 8. h3 Ne4
9. Qc2 Nd7 10. cxd5 exd5 11. Nd2 Qh4 12. Ne2 Nb6 13. Nf3 Qe7 14. a3 g5 15. Nh2
Qf7 16. f4 h6 17. g3 Be6 18. Nf3 Qg7 19. Kg2 Rac8 20. b4 Kh7 21. Bxe4 fxe4 22.
Ne5 Bxe5 23. dxe5 Nc4 24. Nd4 Qd7 25. Nxe6 Qxe6 26. Qf2 Rf7 27. Bb2 Rcf8 28.
Bd4 a6 29. Bc5 Rc8 30. Qe2 b6 31. Bd4 c5 32. Bc3 Rcf8 33. Qg4 0-1

[Event "NB II. Szechenyi csoport"]
[Site "Szombathely"]
[Date "2023.12.10"]
[Round "3.1"]
[White "Smideliusz, Mark"]
[Black "Horvath, Tibor"]
[Result "1/2-1/2"]
[WhiteElo "2193"]
[BlackElo "1821"]
[PlyCount "89"]
[EventDate "2023.10.08"]
[EventType "team-tourn"]
[EventRounds "9"]
[EventCountry "HUN"]
[Source "chess.hu"]
[WhiteTeam "Sarvari Sakk Club SE"]
[BlackTeam "Arboretum Hereny SE"]
[WhiteTeamCountry "HUN"]
[BlackTeamCountry "HUN"]

1. e4 e6 2. d4 d5 3. exd5 exd5 4. Nf3 Nf6 5. Bd3 Bd6 6. O-O O-O 7. Bg5 Bg4 8.
h3 Bh5 9. Nbd2 Nbd7 10. c3 c6 11. Qc2 Qc7 12. Rfe1 Rfe8 13. Bf5 Bg6 14. Qd3 Bf4
15. Bxg6 hxg6 16. Bh4 Nf8 17. Bxf6 gxf6 18. h4 Ne6 19. Nf1 Ng7 20. g3 Bd6 21.
Kg2 Nh5 22. Re2 Rxe2 23. Qxe2 Kf8 24. Re1 Qd7 25. Qe3 Re8 26. Qxe8+ Qxe8 27.
Rxe8+ Kxe8 28. Ne1 Kd7 29. Nd3 b6 30. Ne3 Ke6 31. Kf3 f5 32. Ng2 f6 33. Ngf4+
Nxf4 34. Nxf4+ Kf7 35. a4 g5 36. Ng2 Kg6 37. b4 a6 38. Ne3 f4 39. Ng2 fxg3 40.
fxg3 f5 41. hxg5 Kxg5 42. Ne1 Kf6 43. Nd3 Ke6 44. Nf4+ Kf6 45. Nd3 1/2-1/2

[Event "NB II. Szechenyi csoport"]
[Site "Szombathely"]
[Date "2023.12.10"]
[Round "3.2"]
[White "Finy, Mark"]
[Black "Balka, Richard"]
[Result "1-0"]
[WhiteElo "1900"]
[BlackElo "2097"]
[PlyCount "51"]
[EventDate "2023.10.08"]
[EventType "team-tourn"]
[EventRounds "9"]
[EventCountry "HUN"]
[Source "chess.hu"]
[WhiteTeam "Arboretum Hereny SE"]
[BlackTeam "Sarvari Sakk Club SE"]
[WhiteTeamCountry "HUN"]
[BlackTeamCountry "HUN"]

1. d4 d5 2. c4 c6 3. cxd5 cxd5 4. Nf3 Nc6 5. Nc3 Nf6 6. e3 e6 7. Bd3 Bd6 8. O-O
O-O 9. h3 Bd7 10. e4 dxe4 11. Nxe4 Nxe4 12. Bxe4 g6 13. d5 exd5 14. Bxd5 Be7
15. Bh6 Bf6 16. Bxf8 Qxf8 17. Qd2 Rd8 18. Qf4 Qg7 19. Rad1 Rc8 20. Qd6 Be8 21.
Rfe1 h6 22. b4 Bc3 23. Re4 Rd8 24. Qc7 Qf6 25. b5 Ba5 26. Qxb7 1-0